000 00447nam a2200157Ia 4500
008 220531s9999 xx 000 0 und d
041 _amar
100 _aगर्ग. स. मा.
_939362
245 _aभारतीय समाजविज्ञान कोश भाग ४
260 _bSamajvidnyan mandal
_c1995
300 _a302
542 _d14-07-1998
650 _aSociology
_939363
906 _d1998-1999
999 _c23750
_d23750